00343 2200157 4500001002100000005001500021035002000036245003500056100002300091250000600114300001200120260001900132082000800151084001400159990001200173INLIS00000000000246120250604104704 a0010-06250000471 aMembatik /cPuspita setya Wati0 aPuspita setya Wati a1 a205 hlm bAbsolut,c2004 a600 a600 PUS m a0712296